000
00313nam a2200121Ia 4500
008
220217s9999||||xx |||||||||||||| ||und||
082
_a
621.381 3 EAS
100
_a
Easten lab
_9
1379
245
0
_a
RF microwave standards
260
_a
Easten lab
_b
California
300
_b
0
650
_a
MICROWAVE ENGINEERING
999
_c
166425
_d
166425